000 00554nam a2200193Ia 4500
005 20250923145445.0
008 008 250917s9999 xx 000 0 eng d
037 _aTextual
040 _aDSWL
_beng
_cDSWL
041 _aeng
_2eng
084 _aY50aVx, N71
_qDSWL
245 0 _aAspects of History and Class Consciousness
_c Ed. by Istvan Meszaros
260 _aLondon
_bRoutledge & Kegan Paul
_c1971
300 _avii,212 p.
365 _aGBP
_b2.5
925 _g2.5
942 _cTEXL
_hY50aVx, N71
999 _c1451579
_d1451579